[Event "CAN-op (Pinnacle 48th CAN Op Ch)"]
[Site "Toronto CAN"]
[Date "2011.07.12"]
[Round "4"]
[White "Bzikot, Robert"]
[Black "Hayder, Ali"]
[Result "0-1"]
[WhiteElo "2004"]
[BlackElo "2120"]
[PlyCount "73"]
[GameId "2160767909707146"]
[EventDate "2011.07.09"]
[EventType "swiss"]
[EventRounds "9"]
[EventCountry "CAN"]
[SourceTitle "hb 2011"]

1. e4 d6 2. d4 Nf6 3. Nc3 g6 4. Bg5 Bg7 5. f4 c6 6. a4 Qb6 7. Ra3 Ng4 8. Nf3 Ne3 9. Qd2 Qxb2 10. Ra2 Nxf1 11. Rxf1 Qb4 12. a5 Qc4 13. Ra4 Qa6 14. d5 Nd7 15. e5 f6 16. dxc6 bxc6 17. exf6 Nxf6 18. Rf2 O-O 19. Re2 Qb7 20. h3 Qc7 21. a6 Rb8 22. Nd4 e5 23. fxe5 dxe5 24. Nf3 Nh5 25. Ne4 Rb1+ 26. Kf2 Be6 27. Nc5 Bd5 28. c4 e4 29. cxd5 Qg3+ 30. Ke3 Rxf3+ 31. Kxe4 Rf8 32. Ne6 Qe5+ 33. Kd3 Qxd5+ 34. Nd4 Bxd4 35. Rxd4 Qb3+ 36. Qc3 Qd1+ 37. Bd2 0-1

[Event "CAN-op (Pinnacle 48th CAN Op Ch)"]
[Site "Toronto CAN"]
[Date "2011.07.12"]
[Round "4"]
[White "Campbell, Brett"]
[Black "Fu, James"]
[Result "1-0"]
[WhiteElo "2246"]
[BlackElo "2028"]
[PlyCount "115"]
[GameId "2160767909707147"]
[EventDate "2011.07.09"]
[EventType "swiss"]
[EventRounds "9"]
[EventCountry "CAN"]
[SourceTitle "hb 2011"]

1. c4 Nf6 2. Nc3 e6 3. e4 Nc6 4. Nf3 Bb4 5. e5 Ng8 6. d4 d6 7. Qc2 dxe5 8. dxe5 Nge7 9. Bg5 Nd4 10. Qe4 Nxf3+ 11. gxf3 c6 12. Rc1 h6 13. Be3 Nf5 14. a3 Be7 15. b4 a5 16. c5 axb4 17. axb4 Qc7 18. f4 O-O 19. Bd3 Rd8 20. Qc4 Ra3 21. O-O Bf8 22. Ra1 Rxa1 23. Rxa1 Qe7 24. Ne4 Qh4 25. Ng3 Qg4 26. Be2 Qg6 27. Bh5 Qh7 28. Ne4 Nh4 29. Nd6 Bxd6 30. cxd6 Qf5 31. Be2 b5 32. Qd3 Qh3 33. Qe4 Bd7 34. Ra3 Rc8 35. Bc1 Qf5 36. Qxf5 exf5 37. Be3 Kf8 38. Ra7 Ke8 39. Bh5 g6 40. Bd1 Be6 41. h3 Kf8 42. Kh2 Kg7 43. Kg3 g5 44. fxg5 Ng6 45. gxh6+ Kh7 46. f4 Kxh6 47. Bf3 Rg8 48. Kf2 Re8 49. d7 Rd8 50. Bxc6 Ne7 51. Bxb5 Nd5 52. Rb7 Ra8 53. Ba7 Nxb4 54. Rb8 Bxd7 55. Rxa8 Bxb5 56. Rb8 Nd3+ 57. Ke3 Bc4 58. Kd4 1-0

[Event "CAN-op (Pinnacle 48th CAN Op Ch)"]
[Site "Toronto CAN"]
[Date "2011.07.12"]
[Round "4"]
[White "Chan, James"]
[Black "Castaneda, Nelson"]
[Result "0-1"]
[WhiteElo "1988"]
[BlackElo "2229"]
[PlyCount "56"]
[GameId "2160767909707149"]
[EventDate "2011.07.09"]
[EventType "swiss"]
[EventRounds "9"]
[EventCountry "CAN"]
[SourceTitle "CBM 143 Extra"]
[Source "ChessBase"]
[SourceDate "2011.08.29"]
[SourceVersion "1"]
[SourceVersionDate "2011.08.29"]
[SourceQuality "1"]

1. e4 c5 2. Nf3 d6 3. d4 cxd4 4. Nxd4 Nf6 5. Nc3 a6 6. Bg5 e6 7. f4 Nbd7 8. Qe2 Qc7 9. O-O-O Be7 10. g4 b5 11. Bg2 b4 12. e5 bxc3 13. Bxa8 Qb8 14. bxc3 Qxa8 15. exf6 gxf6 16. Bh4 Nc5 17. g5 f5 18. Rhe1 Ne4 19. Qc4 d5 20. Qb3 O-O 21. Rxe4 fxe4 22. f5 Bd7 23. c4 Rb8 24. Qh3 Qb7 25. Nb3 Ba3+ 26. Kb1 exf5 27. Rxd5 Be6 28. Bg3 f4 0-1

[Event "CAN-op (Pinnacle 48th CAN Op Ch)"]
[Site "Toronto CAN"]
[Date "2011.07.12"]
[Round "4"]
[White "Chernik, Dmitry"]
[Black "Shebetah, Wajdy"]
[Result "1-0"]
[WhiteElo "1897"]
[BlackElo "2194"]
[PlyCount "97"]
[GameId "2160767909707151"]
[EventDate "2011.07.09"]
[EventType "swiss"]
[EventRounds "9"]
[EventCountry "CAN"]
[SourceTitle "hb 2011"]

1. e4 Nf6 2. e5 Nd5 3. d4 Nb6 4. f4 d5 5. Bd3 e6 6. Nf3 c5 7. c3 Nc6 8. O-O Bd7 9. Kh1 Rc8 10. b3 cxd4 11. cxd4 a6 12. Ba3 Nb4 13. Qd2 Nxd3 14. Bxf8 Kxf8 15. a4 Nc5 16. dxc5 Na8 17. Rc1 g6 18. Ra2 Nc7 19. Nc3 Ne8 20. Ne2 Ng7 21. Ned4 Qe7 22. Rac2 Nf5 23. g4 Nxd4 24. Qxd4 h5 25. g5 Kg7 26. h4 Rc7 27. Qb4 Rhc8 28. Nd4 Kf8 29. Qb6 Bc6 30. Kg1 Qd7 31. Kf2 Ra8 32. Qa5 Rac8 33. Ra2 Qe7 34. b4 Be8 35. Rac2 Kg7 36. Ra2 Bd7 37. Qb6 Qe8 38. b5 axb5 39. axb5 Qe7 40. Rac2 Be8 41. Qd6 Kf8 42. c6 bxc6 43. Nxc6 Qxd6 44. exd6 Rd7 45. b6 Rb7 46. Ne5 Rcb8 47. Rc8 Kg7 48. Rxb8 Rxb8 49. d7 1-0

[Event "CAN-op (Pinnacle 48th CAN Op Ch)"]
[Site "Toronto CAN"]
[Date "2011.07.12"]
[Round "4"]
[White "Day, Lawrence"]
[Black "Krupka, David"]
[Result "1/2-1/2"]
[WhiteElo "2262"]
[BlackElo "2019"]
[PlyCount "113"]
[GameId "2160767909707156"]
[EventDate "2011.07.09"]
[EventType "swiss"]
[EventRounds "9"]
[EventCountry "CAN"]
[SourceTitle "EXT 2022"]
[Source "ChessBase"]
[SourceDate "2021.10.06"]
[SourceVersion "1"]
[SourceVersionDate "2021.10.06"]
[SourceQuality "1"]

1. e4 e5 2. Nf3 Nc6 3. Bb5 a6 4. Bxc6 dxc6 5. Nc3 Bd6 6. d4 Bg4 7. dxe5 Bxf3 8. Qxf3 Bxe5 9. Bd2 Qf6 10. Qh3 Qe6 11. Qe3 Nf6 12. O-O-O O-O 13. f3 Bxc3 14. Qxc3 Qxa2 15. b3 Qa3+ 16. Kb1 a5 17. Be3 b6 18. Rd4 a4 19. Bc1 Qe7 20. Rxa4 Rxa4 21. bxa4 Qd7 22. Bb2 Ra8 23. Qb3 c5 24. Qb5 Qxb5 25. axb5 Rd8 26. Kc1 Ne8 27. Be5 f6 28. Bg3 Kf7 29. Re1 Rd4 30. c3 Rd3 31. Kc2 Rd8 32. Ra1 Ke6 33. Ra7 Kd7 34. Kb3 Nd6 35. Bxd6 Kxd6 36. Kc4 Rd7 37. f4 Ke6 38. Ra2 Rd1 39. g3 Rd7 40. Ra8 Rd2 41. Rc8 Rd7 42. g4 g5 43. fxg5 fxg5 44. Re8+ Kf7 45. Re5 h6 46. Rd5 Re7 47. Kd3 Ke6 48. Ke3 Rf7 49. Rd8 Rf1 50. Rh8 Ke5 51. Re8+ Kd6 52. e5+ Kd5 53. Re7 Re1+ 54. Kd3 c4+ 55. Kd2 Rxe5 56. Rxc7 Re6 57. h3 1/2-1/2

[Event "CAN-op (Pinnacle 48th CAN Op Ch)"]
[Site "Toronto CAN"]
[Date "2011.07.12"]
[Round "4"]
[White "Demmery, Steve"]
[Black "Regan, Kenneth"]
[Result "1/2-1/2"]
[WhiteElo "2208"]
[BlackElo "2422"]
[PlyCount "61"]
[GameId "2160767909707157"]
[EventDate "2011.07.09"]
[EventType "swiss"]
[EventRounds "9"]
[EventCountry "CAN"]
[SourceTitle "EXT 2022"]
[Source "ChessBase"]
[SourceDate "2021.10.06"]
[SourceVersion "1"]
[SourceVersionDate "2021.10.06"]
[SourceQuality "1"]

1. d4 Nf6 2. Nf3 b6 3. Bf4 Bb7 4. e3 g6 5. Nbd2 Bg7 6. h3 O-O 7. Be2 d6 8. O-O Nbd7 9. c4 Re8 10. Rc1 e5 11. Bh2 e4 12. Ne1 Qe7 13. Nc2 c5 14. b4 Rad8 15. bxc5 bxc5 16. Nb3 d5 17. Na5 Ba8 18. Rb1 Nb6 19. Be5 dxc4 20. Nxc4 Na4 21. Qe1 Nd5 22. Rb3 Bxe5 23. dxe5 Ndb6 24. Qa5 Bd5 25. N2a3 Nxc4 26. Nxc4 Nb6 27. Rc3 Nxc4 28. Bxc4 Qxe5 29. Bb5 Rf8 30. Rfc1 Be6 31. R3c2 1/2-1/2

[Event "CAN-op (Pinnacle 48th CAN Op Ch)"]
[Site "Toronto CAN"]
[Date "2011.07.12"]
[Round "4"]
[White "Derraugh, Geordie"]
[Black "Renteria, Rolando"]
[Result "1-0"]
[WhiteElo "2140"]
[BlackElo "2346"]
[PlyCount "75"]
[GameId "2160767909707158"]
[EventDate "2011.07.09"]
[EventType "swiss"]
[EventRounds "9"]
[EventCountry "CAN"]
[SourceTitle "hb 2011"]

1. e4 c5 2. c3 d6 3. d4 Nd7 4. Nf3 a6 5. Bd3 g6 6. O-O e5 7. a4 Bg7 8. Qb3 Ngf6 9. dxe5 dxe5 10. Bg5 h6 11. Be3 O-O 12. Rd1 Qe7 13. h3 Kh8 14. Nbd2 Nh5 15. Qc2 g5 16. Nc4 Rg8 17. Bf1 Bf8 18. g4 Nf4 19. b4 Qe6 20. bxc5 Nxh3+ 21. Bxh3 Qxc4 22. Rd5 Nf6 23. Rxe5 Be6 24. Bf1 Qb3 25. Qc1 Nxg4 26. Ra3 Nxe5 27. Nxe5 f6 28. Rxb3 Bxb3 29. Qb2 Bxa4 30. Qxb7 Bg7 31. Ng6+ Kh7 32. Ne7 Rgb8 33. Qd5 Bb3 34. Qf5+ Kh8 35. e5 fxe5 36. Bd3 Bg8 37. Ng6+ Kh7 38. Nxe5+ 1-0

[Event "CAN-op (Pinnacle 48th CAN Op Ch)"]
[Site "Toronto CAN"]
[Date "2011.07.12"]
[Round "4"]
[White "Dougherty, Michael"]
[Black "Roy, Myriam"]
[Result "1-0"]
[WhiteElo "2314"]
[BlackElo "1935"]
[PlyCount "57"]
[GameId "2160767909707159"]
[EventDate "2011.07.09"]
[EventType "swiss"]
[EventRounds "9"]
[EventCountry "CAN"]
[SourceTitle "EXT 2022"]
[Source "ChessBase"]
[SourceDate "2021.10.06"]
[SourceVersion "1"]
[SourceVersionDate "2021.10.06"]
[SourceQuality "1"]

1. Nf3 d5 2. d4 Nf6 3. c4 c6 4. e3 Bf5 5. cxd5 cxd5 6. Bb5+ Nbd7 7. Nc3 e6 8. Ne5 a6 9. Nxd7 Nxd7 10. Be2 Be7 11. O-O O-O 12. f3 Bg6 13. e4 dxe4 14. fxe4 Nf6 15. Bf3 Qd7 16. e5 Nd5 17. Nxd5 exd5 18. Qb3 Rfd8 19. Be3 f6 20. Rac1 Kh8 21. Bf4 Be4 22. Qb6 fxe5 23. Bxe5 Bd6 24. Bxd6 Qxd6 25. Qxb7 Rdb8 26. Qf7 Rxb2 27. Rc7 Qg6 28. Bxe4 Qxf7 29. Rcxf7 1-0

[Event "CAN-op (Pinnacle 48th CAN Op Ch)"]
[Site "Toronto CAN"]
[Date "2011.07.12"]
[Round "4"]
[White "Drkulec, Vladimir"]
[Black "Zotkin, Daniel"]
[Result "1-0"]
[WhiteElo "2138"]
[BlackElo "1598"]
[PlyCount "137"]
[GameId "2160767909707160"]
[EventDate "2011.07.09"]
[EventType "swiss"]
[EventRounds "9"]
[EventCountry "CAN"]

1. d4 d5 2. c4 e6 3. Nf3 Nf6 4. g3 Be7 5. Bg2 O-O 6. O-O dxc4 7. Qc2 a6 8. a4 Bd7 9. Ne5 Bc6 10. Nxc6 Nxc6 11. Bxc6 bxc6 12. Qxc4 Qd5 13. Qc2 c5 14. dxc5 Qxc5 15. Nc3 Nd5 16. Bd2 Bf6 17. Rfd1 Rfd8 18. Rac1 Nb4 19. Qb1 Qe7 20. Ne4 Nd5 21. Nxf6+ Nxf6 22. Bg5 Rxd1+ 23. Rxd1 h6 24. Be3 Nd5 25. Qe4 f5 26. Qe5 Nxe3 27. Qxe3 Rb8 28. b3 Rb6 29. Rd3 Rd6 30. Qc5 Qd7 31. Rc3 c6 32. Qc4 a5 33. Qc5 Rd1+ 34. Kg2 Qd5+ 35. f3 Rd2 36. Kf2 Kh7 37. Qe3 Rd4 38. Rxc6 Qxc6 39. Qxd4 Qb7 40. Qe3 Qc6 41. Qa7 Qc3 42. Qe3 Qc6 43. Qd4 Qb7 44. Qc4 Qb6+ 45. e3 Qb8 46. Ke2 Qe5 47. Qd4 Qc7 48. Qc4 Qe5 49. Kd2 Qb2+ 50. Qc2 Qe5 51. Qc3 Qd5+ 52. Ke2 Qb7 53. Qd3 Qb4 54. g4 Kg6 55. gxf5+ exf5 56. e4 Qb8 57. exf5+ Kf6 58. Qa6+ Kxf5 59. Qxa5+ Kg6 60. Qa6+ Kh7 61. Qd3+ Kh8 62. Qd5 Qxh2+ 63. Kd3 Qb8 64. a5 Qa7 65. b4 Qa6+ 66. Qc4 Qg6+ 67. Qe4 Qa6+ 68. Kc3 Qc8+ 69. Kb2 1-0

[Event "CAN-op (Pinnacle 48th CAN Op Ch)"]
[Site "Toronto CAN"]
[Date "2011.07.12"]
[Round "4"]
[White "Fairbairn, Stephen"]
[Black "Miller, David"]
[Result "0-1"]
[WhiteElo "2099"]
[BlackElo "1936"]
[PlyCount "26"]
[GameId "2160767909707161"]
[EventDate "2011.07.09"]
[EventType "swiss"]
[EventRounds "9"]
[EventCountry "CAN"]
[SourceTitle "hb 2011"]

1. c4 Nf6 2. g3 g6 3. Bg2 Bg7 4. Nc3 O-O 5. Nf3 d6 6. d4 Nbd7 7. O-O e5 8. e4 a6 9. h3 b5 10. cxb5 axb5 11. Nxb5 Ba6 12. a4 Bxb5 13. axb5 Rxa1 0-1

[Event "CAN-op (Pinnacle 48th CAN Op Ch)"]
[Site "Toronto CAN"]
[Date "2011.07.12"]
[Round "4"]
[White "Finlay, Ian"]
[Black "Sharpe, Michael"]
[Result "1-0"]
[WhiteElo "1984"]
[BlackElo "1662"]
[PlyCount "53"]
[GameId "2160767909707162"]
[EventDate "2011.07.09"]
[EventType "swiss"]
[EventRounds "9"]
[EventCountry "CAN"]
[SourceTitle "EXT 2022"]
[Source "ChessBase"]
[SourceDate "2021.10.06"]
[SourceVersion "1"]
[SourceVersionDate "2021.10.06"]
[SourceQuality "1"]

1. e4 c5 2. Nf3 d6 3. d4 cxd4 4. Nxd4 Nf6 5. Nc3 a6 6. Bc4 e6 7. Qe2 Be7 8. O-O O-O 9. a4 Nc6 10. Be3 d5 11. exd5 exd5 12. Bd3 Bg4 13. f3 Bh5 14. Nxc6 bxc6 15. Bxa6 d4 16. Rfd1 c5 17. Bf4 Re8 18. Bb5 Rf8 19. Qe5 Qb6 20. Qxe7 dxc3 21. bxc3 c4+ 22. Be3 Qa5 23. Bd4 Bg6 24. Bxf6 gxf6 25. Qxf6 Bxc2 26. Rd7 Bxa4 27. Bxa4 1-0

[Event "CAN-op (Pinnacle 48th CAN Op Ch)"]
[Site "Toronto CAN"]
[Date "2011.07.12"]
[Round "4"]
[White "Golod, Vitali"]
[Black "Milicevic, Goran"]
[Result "1-0"]
[WhiteElo "2582"]
[BlackElo "2288"]
[PlyCount "85"]
[GameId "2160767909707163"]
[EventDate "2011.07.09"]
[EventType "swiss"]
[EventRounds "9"]
[EventCountry "CAN"]
[SourceTitle "CBM 143 Extra"]
[Source "ChessBase"]
[SourceDate "2011.08.29"]
[SourceVersion "1"]
[SourceVersionDate "2011.08.29"]
[SourceQuality "1"]

1. d4 Nf6 2. c4 e6 3. Nf3 Nc6 4. Nc3 Bb4 5. Qc2 d6 6. Bd2 O-O 7. a3 Bxc3 8. Bxc3 Re8 9. b4 e5 10. d5 e4 11. dxc6 exf3 12. gxf3 bxc6 13. Rg1 Nh5 14. Qd2 Qh4 15. Qh6 g6 16. Rg5 Qxc4 17. Rc1 Ba6 18. b5 Bxb5 19. Rc2 Rxe2+ 20. Bxe2 Re8 21. Rxb5 cxb5 22. Kf1 Qh4 23. Kg1 a6 24. Bf1 c5 25. Rd2 Re6 26. Rd5 f6 27. Qd2 Qf4 28. Qd3 f5 29. Bd2 Qh4 30. Rxd6 Rxd6 31. Qxd6 Qd4 32. Qb8+ Kf7 33. Qb7+ Kg8 34. Be3 Qe5 35. Qc8+ Kf7 36. Qxa6 c4 37. Qb7+ Kf6 38. Qc6+ Kf7 39. Qd7+ Kf8 40. Bh6+ Kg8 41. Qd8+ Kf7 42. Qf8+ Ke6 43. Qe8+ 1-0

[Event "CAN-op (Pinnacle 48th CAN Op Ch)"]
[Site "Toronto CAN"]
[Date "2011.07.12"]
[Round "4"]
[White "Gulati, Ashish"]
[Black "Opaska, Michael"]
[Result "1/2-1/2"]
[WhiteElo "2210"]
[BlackElo "2001"]
[PlyCount "99"]
[GameId "2160767909707164"]
[EventDate "2011.07.09"]
[EventType "swiss"]
[EventRounds "9"]
[EventCountry "CAN"]
[SourceTitle "EXT 2022"]
[Source "ChessBase"]
[SourceDate "2021.10.06"]
[SourceVersion "1"]
[SourceVersionDate "2021.10.06"]
[SourceQuality "1"]

1. e4 c5 2. Nc3 a6 3. a4 d6 4. g3 Nc6 5. Bg2 g6 6. d3 Bg7 7. Be3 e6 8. Nge2 Rb8 9. f4 Nge7 10. Qd2 O-O 11. O-O f5 12. e5 b6 13. d4 cxd4 14. Nxd4 Nxd4 15. Bxd4 dxe5 16. fxe5 Bxe5 17. Rad1 Bxd4+ 18. Qxd4 Qxd4+ 19. Rxd4 Bb7 20. Rd6 Bxg2 21. Kxg2 e5 22. Re6 Rfe8 23. Rxe5 Nc6 24. Rxe8+ Rxe8 25. Rd1 Nb4 26. Rd6 b5 27. axb5 axb5 28. Rd2 Rc8 29. Kf3 Nxc2 30. Rxc2 b4 31. Ke3 Kf7 32. Kd3 bxc3 33. Rxc3 Rd8+ 34. Kc2 Kf6 35. b4 Rb8 36. Kb3 g5 37. Rc7 f4 38. gxf4 gxf4 39. Rxh7 Ke5 40. Kc4 Rf8 41. Kc5 f3 42. Re7+ Kf6 43. Re1 f2 44. Rf1 Ke5 45. b5 Ke4 46. b6 Ke3 47. b7 Ke2 48. Rxf2+ Kxf2 49. Kb6 Kf3 50. Ka7 1/2-1/2

[Event "CAN-op (Pinnacle 48th CAN Op Ch)"]
[Site "Toronto CAN"]
[Date "2011.07.12"]
[Round "4"]
[White "Ibrahim, Ismail"]
[Black "Luo, Zhao Yang"]
[Result "1-0"]
[WhiteElo "2110"]
[BlackElo "1894"]
[PlyCount "85"]
[GameId "2160767909707167"]
[EventDate "2011.07.09"]
[EventType "swiss"]
[EventRounds "9"]
[EventCountry "CAN"]
[SourceTitle "hb 2011"]

1. e4 c6 2. d4 d5 3. exd5 cxd5 4. Bd3 Nf6 5. Nf3 Bg4 6. h3 Bh5 7. Nbd2 e6 8. Nf1 Bd6 9. c3 Qc7 10. Be3 Nc6 11. N1d2 O-O 12. O-O e5 13. dxe5 Nxe5 14. Be2 Rfe8 15. Nxe5 Bxe2 16. Qxe2 Bxe5 17. Qd3 Rad8 18. Nf3 Ne4 19. Nxe5 Qxe5 20. Bxa7 Qg5 21. Be3 Qg6 22. Rad1 Re5 23. f3 Nd6 24. Qxg6 hxg6 25. Bf4 Rf5 26. Bxd6 Rxd6 27. Rfe1 Rb6 28. Re8+ Kh7 29. Rd2 Ra6 30. a3 Rb6 31. Kf2 Rb3 32. Rd8 Re5 33. Ra8 Re6 34. Ra4 Reb6 35. Rb4 R3xb4 36. axb4 Rb5 37. Ke3 Kh6 38. Kd4 Kg5 39. g3 f5 40. Re2 Kf6 41. Re5 Kg5 42. f4+ Kh5 43. b3 1-0

[Event "CAN-op (Pinnacle 48th CAN Op Ch)"]
[Site "Toronto CAN"]
[Date "2011.07.12"]
[Round "4"]
[White "Inigo, Aquino"]
[Black "Bojkov, Dejan"]
[Result "0-1"]
[WhiteElo "1962"]
[BlackElo "2544"]
[PlyCount "76"]
[GameId "2160767909707168"]
[EventDate "2011.07.09"]
[EventType "swiss"]
[EventRounds "9"]
[EventCountry "CAN"]
[SourceTitle "CBM 143 Extra"]
[Source "ChessBase"]
[SourceDate "2011.08.29"]
[SourceVersion "1"]
[SourceVersionDate "2011.08.29"]
[SourceQuality "1"]

1. d4 Nf6 2. c4 g6 3. Nc3 Bg7 4. e4 d6 5. f3 O-O 6. Be3 c5 7. dxc5 dxc5 8. Qxd8 Rxd8 9. Bxc5 Nc6 10. Nd5 Nd7 11. Bxe7 Nxe7 12. Nxe7+ Kf8 13. Nd5 Bxb2 14. Rb1 Bg7 15. Nh3 Nc5 16. Nf2 Be6 17. Be2 Rac8 18. O-O Rd6 19. Rfd1 Ra6 20. Rd2 Bh6 21. Rc2 Ra3 22. Nd1 Bg7 23. N1c3 a6 24. Nd1 f5 25. N1c3 b5 26. Rb4 fxe4 27. Nxe4 Nb7 28. Rd2 Bh6 29. Rd1 Rxa2 30. Nec3 Rc2 31. Bd3 Rd2 32. Rxd2 Bxd2 33. Rb2 Bxc3 34. Nxc3 Bxc4 35. Be4 Nc5 36. Bd5 Bxd5 37. Nxd5 Nd3 38. Rb1 Rc5 0-1

[Event "CAN-op (Pinnacle 48th CAN Op Ch)"]
[Site "Toronto CAN"]
[Date "2011.07.12"]
[Round "4"]
[White "Kagramanov, Dalia"]
[Black "Yun, Chang"]
[Result "1-0"]
[WhiteElo "2027"]
[BlackElo "1572"]
[PlyCount "85"]
[GameId "2160767909707169"]
[EventDate "2011.07.09"]
[EventType "swiss"]
[EventRounds "9"]
[EventCountry "CAN"]
[SourceTitle "hb 2011"]

1. e4 c5 2. Nf3 d6 3. d4 cxd4 4. Nxd4 Nf6 5. Nc3 g6 6. Be3 Bg7 7. f3 Nc6 8. Qd2 O-O 9. O-O-O Nxd4 10. Bxd4 Be6 11. Kb1 Qc7 12. g4 Rfc8 13. Be2 Qa5 14. a3 Rab8 15. Nd5 Qxd2 16. Nxf6+ Bxf6 17. Rxd2 Bxd4 18. Rxd4 b5 19. Rhd1 a5 20. f4 Kg7 21. g5 b4 22. axb4 axb4 23. Rf1 Rc5 24. Bd3 Ra5 25. b3 Rba8 26. Rxb4 Ra1+ 27. Kb2 R8a2+ 28. Kc3 Rxf1 29. Bxf1 Ra1 30. Bd3 d5 31. exd5 Bxd5 32. Be4 Bxe4 33. Rxe4 e6 34. Kb4 Rh1 35. c4 Rxh2 36. c5 f6 37. c6 Ra2 38. Rxe6 fxg5 39. fxg5 Kf7 40. Rd6 Rc2 41. Kb5 Ke7 42. Rd5 Rc3 43. b4 1-0

[Event "CAN-op (Pinnacle 48th CAN Op Ch)"]
[Site "Toronto CAN"]
[Date "2011.07.12"]
[Round "4"]
[White "Kagramanov, Dina"]
[Black "Cao, Jason"]
[Result "0-1"]
[WhiteElo "2142"]
[BlackElo "1908"]
[PlyCount "88"]
[GameId "2160767909707170"]
[EventDate "2011.07.09"]
[EventType "swiss"]
[EventRounds "9"]
[EventCountry "CAN"]
[SourceTitle "hb 2011"]

1. e4 c5 2. Nf3 d6 3. d4 cxd4 4. Nxd4 Nf6 5. Nc3 a6 6. Rg1 e5 7. Nb3 Be6 8. g4 d5 9. exd5 Nxd5 10. Nxd5 Qxd5 11. Qxd5 Bxd5 12. Be3 Nc6 13. c3 O-O-O 14. O-O-O Be7 15. Be2 Kc7 16. Rd2 Be6 17. Rgd1 g6 18. g5 a5 19. Bb5 b6 20. f4 Na7 21. Rxd8 Rxd8 22. Rxd8 Bxd8 23. Be8 f6 24. h4 Nc6 25. Nd2 f5 26. fxe5 Nxe5 27. Bf4 Kd6 28. Nf3 Ke7 29. Nxe5 Kxe8 30. b3 Be7 31. Kd2 Bd5 32. Kd3 Bc5 33. Bg3 Ke7 34. Nc4 Bxc4+ 35. Kxc4 Ke6 36. Kd3 Kd5 37. c4+ Kc6 38. a4 Bg1 39. Be1 Kc5 40. Kc3 f4 41. Bd2 f3 42. Kd3 Bd4 43. Bf4 f2 44. Ke2 Kb4 0-1

[Event "CAN-op (Pinnacle 48th CAN Op Ch)"]
[Site "Toronto CAN"]
[Date "2011.07.12"]
[Round "4"]
[White "Macak, Stefan"]
[Black "Ang, Alan"]
[Result "1-0"]
[WhiteElo "2391"]
[BlackElo "2029"]
[PlyCount "44"]
[GameId "2160767909707174"]
[EventDate "2011.07.09"]
[EventType "swiss"]
[EventRounds "9"]
[EventCountry "CAN"]

1. e4 e6 2. d4 d5 3. e5 c5 4. Qg4 Qa5+ 5. Bd2 Nh6 6. Qf4 Qb6 7. b4 cxd4 8. a3 Be7 9. Nf3 f6 10. Bd3 Nc6 11. Qg3 Nxe5 12. Nxe5 fxe5 13. Qxg7 Nf7 14. Bxh7 Bf6 15. Qg6 e4 16. Qxf6 Rxh7 17. Bg5 Qc7 18. Qg6 Rh8 19. Bf6 Qxc2 20. O-O Rf8 21. Bxd4 Qd3 22. Bc5 Rh8 1-0

[Event "CAN-op (Pinnacle 48th CAN Op Ch)"]
[Site "Toronto CAN"]
[Date "2011.07.12"]
[Round "4"]
[White "Mikhalevski, Victor"]
[Black "Acosta, Mariano"]
[Result "1-0"]
[WhiteElo "2569"]
[BlackElo "2063"]
[PlyCount "49"]
[GameId "2160767909707176"]
[EventDate "2011.07.09"]
[EventType "swiss"]
[EventRounds "9"]
[EventCountry "CAN"]
[SourceTitle "CBM 143 Extra"]
[Source "ChessBase"]
[SourceDate "2011.08.29"]
[SourceVersion "1"]
[SourceVersionDate "2011.08.29"]
[SourceQuality "1"]

1. d4 Nf6 2. c4 e5 3. dxe5 Ng4 4. Bf4 g5 5. Bd2 Nxe5 6. Nf3 Nxf3+ 7. gxf3 Bg7 8. Nc3 d6 9. Rg1 h6 10. h4 f6 11. Qc2 Nc6 12. O-O-O Ne7 13. e4 Be6 14. f4 Qd7 15. f5 Bf7 16. f4 O-O-O 17. hxg5 fxg5 18. fxg5 Bd4 19. Rg2 Bh5 20. Ne2 hxg5 21. Nxd4 Bxd1 22. Qxd1 Rh1 23. Rxg5 Rg8 24. Qf3 Rxg5 25. Qxh1 1-0

[Event "CAN-op (Pinnacle 48th CAN Op Ch)"]
[Site "Toronto CAN"]
[Date "2011.07.12"]
[Round "4"]
[White "Nicholson, Matthew"]
[Black "Nasir, Pi"]
[Result "1-0"]
[WhiteElo "2029"]
[BlackElo "1599"]
[PlyCount "27"]
[GameId "2160767909707179"]
[EventDate "2011.07.09"]
[EventType "swiss"]
[EventRounds "9"]
[EventCountry "CAN"]

1. d4 e6 2. c4 d5 3. Nf3 Nf6 4. g3 Be7 5. Bg2 O-O 6. O-O c5 7. cxd5 Nxd5 8. Nc3 Nc6 9. Nxd5 exd5 10. dxc5 Bxc5 11. b3 Bf5 12. Bb2 Rc8 13. Rc1 Ne7 14. Rxc5 1-0

[Event "CAN-op (Pinnacle 48th CAN Op Ch)"]
[Site "Toronto CAN"]
[Date "2011.07.12"]
[Round "4"]
[White "Olden-Cooligan, Ben"]
[Black "Orlova, Yelizaveta"]
[Result "1-0"]
[WhiteElo "1893"]
[BlackElo "2073"]
[PlyCount "63"]
[GameId "2160767909707182"]
[EventDate "2011.07.09"]
[EventType "swiss"]
[EventRounds "9"]
[EventCountry "CAN"]

1. d4 c5 2. d5 e5 3. c4 d6 4. Nc3 Be7 5. e4 Nd7 6. Bd3 Nf8 7. Nge2 Ng6 8. O-O Nf6 9. Rb1 O-O 10. b4 cxb4 11. Rxb4 b6 12. a4 h6 13. f3 Nh7 14. Be3 Bg5 15. Bf2 Nf4 16. Ng3 g6 17. Qc2 Nxd3 18. Qxd3 f5 19. Ra1 f4 20. Nf1 Bh4 21. Bxh4 Qxh4 22. a5 bxa5 23. Rxa5 Qd8 24. Rba4 Bd7 25. Ra2 g5 26. c5 g4 27. Nd2 g3 28. Rxa7 Rxa7 29. Rxa7 dxc5 30. Qa6 gxh2+ 31. Kh1 Rf6 32. Ra8 1-0

[Event "CAN-op (Pinnacle 48th CAN Op Ch)"]
[Site "Toronto CAN"]
[Date "2011.07.12"]
[Round "4"]
[White "Pechenkin, Vladimir"]
[Black "Agbabishvili, Lali"]
[Result "1/2-1/2"]
[WhiteElo "2408"]
[BlackElo "1954"]
[PlyCount "99"]
[GameId "2160767909707183"]
[EventDate "2011.07.09"]
[EventType "swiss"]
[EventRounds "9"]
[EventCountry "CAN"]
[SourceTitle "EXT 2022"]
[Source "ChessBase"]
[SourceDate "2021.10.06"]
[SourceVersion "1"]
[SourceVersionDate "2021.10.06"]
[SourceQuality "1"]

1. c4 Nf6 2. g3 g6 3. Bg2 Bg7 4. Nc3 O-O 5. d3 d6 6. e4 e5 7. Nge2 c6 8. O-O Ne8 9. Be3 Be6 10. Qd2 Na6 11. f4 Qc8 12. Rf2 f5 13. exf5 Bxf5 14. fxe5 dxe5 15. Ne4 Qd7 16. N2c3 Nf6 17. Nxf6+ Bxf6 18. Ne4 Bg7 19. Raf1 Bxe4 20. Bxe4 Rxf2 21. Rxf2 Nc7 22. Qd1 a6 23. Kg2 Ne8 24. Bc5 Nf6 25. Qf3 Nxe4 26. dxe4 Rd8 27. h4 h5 28. Kh2 Qe6 29. b3 Rd7 30. Bf8 Rf7 31. Qxf7+ Qxf7 32. Rxf7 Kxf7 33. Bxg7 Kxg7 34. c5 Kf6 35. Kg2 Ke6 36. Kf3 Kd7 37. Ke3 Kc7 38. Kd3 Kc8 39. Kc4 Kc7 40. Kb4 Kb8 41. Ka5 Ka7 42. b4 Ka8 43. Kb6 Kb8 44. a4 Kc8 45. b5 axb5 46. axb5 cxb5 47. Kxb5 Kc7 48. Kb4 Kd7 49. Kc4 Kc6 50. Kb4 1/2-1/2